<?xml version="1.0" encoding="UTF-8"?>
<record
    xmlns:xsi="http://www.w3.org/2001/XMLSchema-instance"
    xsi:schemaLocation="http://www.loc.gov/MARC21/slim http://www.loc.gov/standards/marcxml/schema/MARC21slim.xsd"
    xmlns="http://www.loc.gov/MARC21/slim">

  <leader>01136nam a2200265Ia 4500</leader>
  <datafield tag="999" ind1=" " ind2=" ">
    <subfield code="c">46807</subfield>
    <subfield code="d">46807</subfield>
  </datafield>
  <controlfield tag="001">13658</controlfield>
  <controlfield tag="003">GE_BSU</controlfield>
  <controlfield tag="005">20210322173054.0</controlfield>
  <controlfield tag="008">181216s1969||||ge |||||||||||||| ||rus||</controlfield>
  <datafield tag="040" ind1=" " ind2=" ">
    <subfield code="c">GE_BSU</subfield>
  </datafield>
  <datafield tag="041" ind1=" " ind2=" ">
    <subfield code="a">rus</subfield>
  </datafield>
  <datafield tag="080" ind1=" " ind2=" ">
    <subfield code="a">666.3/.7 &#x41D;-72</subfield>
  </datafield>
  <datafield tag="100" ind1=" " ind2=" ">
    <subfield code="a">&#x411;&#x443;&#x434;&#x43D;&#x438;&#x43A;&#x43E;&#x432;,&#x41F;.&#x41F;. &#x411;&#x443;&#x43B;&#x430;&#x432;&#x438;&#x43D;,&#x418;.&#x410;. &#x412;&#x44B;&#x434;&#x440;&#x438;&#x43A;,&#x413;.&#x410;. &#x438; &#x434;&#x440;.</subfield>
    <subfield code="9">10632</subfield>
  </datafield>
  <datafield tag="245" ind1=" " ind2=" ">
    <subfield code="a">&#x41D;&#x43E;&#x432;&#x430;&#x44F; &#x43A;&#x435;&#x440;&#x430;&#x43C;&#x438;&#x43A;&#x430; :</subfield>
    <subfield code="b">&#x423;&#x447;&#x435;&#x431;&#x43D;&#x438;&#x43A; /</subfield>
    <subfield code="c">&#x41F;&#x43E;&#x434; &#x43E;&#x431;&#x449;&#x435;&#x439; &#x440;&#x435;&#x434;. &#x41F;.&#x41F;.&#x411;&#x443;&#x434;&#x43D;&#x438;&#x43A;&#x43E;&#x432;. &#x410;&#x432;&#x442;&#x43E;&#x440; &#x411;&#x443;&#x434;&#x43D;&#x438;&#x43A;&#x43E;&#x432;,&#x41F;.&#x41F;. &#x411;&#x443;&#x43B;&#x430;&#x432;&#x438;&#x43D;,&#x418;.&#x410;. &#x412;&#x44B;&#x434;&#x440;&#x438;&#x43A;,&#x413;.&#x410;. &#x438; &#x434;&#x440;.</subfield>
  </datafield>
  <datafield tag="264" ind1=" " ind2=" ">
    <subfield code="a">&#x41C;.</subfield>
    <subfield code="b">&#x421;&#x442;&#x440;&#x43E;&#x439;&#x438;&#x437;&#x434;&#x430;&#x442;.</subfield>
    <subfield code="c">1969.</subfield>
  </datafield>
  <datafield tag="300" ind1=" " ind2=" ">
    <subfield code="a">366 &#x441;&#x442;&#x440;. </subfield>
    <subfield code="b">&#x438;&#x43B;&#x43B;. </subfield>
    <subfield code="c"> 23 &#x441;&#x43C;.</subfield>
  </datafield>
  <datafield tag="500" ind1=" " ind2=" ">
    <subfield code="a">&#x411;&#x438;&#x431;&#x43B;&#x438;&#x43E;&#x433;&#x440;.:&#x441;&#x442;&#x440;.306.</subfield>
  </datafield>
  <datafield tag="653" ind1=" " ind2=" ">
    <subfield code="a">&#x41D;&#x43E;&#x432;&#x430;&#x44F; &#x43A;&#x435;&#x440;&#x430;&#x43C;&#x438;&#x43A;&#x430;.</subfield>
  </datafield>
  <datafield tag="653" ind1=" " ind2=" ">
    <subfield code="a">&#x10DB;&#x10D8;&#x10DC;&#x10D8;&#x10E1;&#x10D0; &#x10D3;&#x10D0; &#x10D9;&#x10D4;&#x10E0;&#x10D0;&#x10DB;&#x10D8;&#x10D9;&#x10E3;&#x10DA;&#x10D8; &#x10DB;&#x10E0;&#x10D4;&#x10EC;&#x10D5;&#x10D4;&#x10DA;&#x10DD;&#x10D1;&#x10D0;. </subfield>
  </datafield>
  <datafield tag="653" ind1=" " ind2=" ">
    <subfield code="a">&#x10DB;&#x10D8;&#x10DC;&#x10D8;&#x10E1; &#x10E2;&#x10D4;&#x10E5;&#x10DC;&#x10DD;&#x10DA;&#x10DD;&#x10D2;&#x10D8;&#x10D0;.</subfield>
  </datafield>
  <datafield tag="700" ind1=" " ind2=" ">
    <subfield code="a">&#x41F;.&#x41F;. &#x411;&#x443;&#x434;&#x43D;&#x438;&#x43A;&#x43E;&#x432;</subfield>
    <subfield code="e">&#x10D0;&#x10D5;&#x10E2;&#x10DD;&#x10E0;&#x10D8;</subfield>
    <subfield code="9">10633</subfield>
  </datafield>
  <datafield tag="700" ind1=" " ind2=" ">
    <subfield code="a">&#x418;.&#x410;. &#x411;&#x443;&#x43B;&#x430;&#x432;&#x438;&#x43D;</subfield>
    <subfield code="e">&#x10D0;&#x10D5;&#x10E2;&#x10DD;&#x10E0;&#x10D8;</subfield>
    <subfield code="9">10634</subfield>
  </datafield>
  <datafield tag="700" ind1=" " ind2=" ">
    <subfield code="a">&#x413;.&#x410;. &#x412;&#x44B;&#x434;&#x440;&#x438;&#x43A; &#x438; &#x434;&#x440;.</subfield>
    <subfield code="e">&#x10D0;&#x10D5;&#x10E2;&#x10DD;&#x10E0;&#x10D8;</subfield>
    <subfield code="9">10635</subfield>
  </datafield>
  <datafield tag="942" ind1=" " ind2=" ">
    <subfield code="c">BK</subfield>
    <subfield code="2">udc</subfield>
  </datafield>
  <datafield tag="952" ind1=" " ind2=" ">
    <subfield code="0">0</subfield>
    <subfield code="1">0</subfield>
    <subfield code="2">udc</subfield>
    <subfield code="4">0</subfield>
    <subfield code="6">66637_&#x41D;72</subfield>
    <subfield code="7">0</subfield>
    <subfield code="9">61256</subfield>
    <subfield code="a">CPL</subfield>
    <subfield code="b">CPL</subfield>
    <subfield code="c">GEN</subfield>
    <subfield code="d">2018-12-17</subfield>
    <subfield code="o">666.3/.7 &#x41D;-72</subfield>
    <subfield code="p">12299</subfield>
    <subfield code="r">2018-12-17</subfield>
    <subfield code="t">12299</subfield>
    <subfield code="w">2018-12-17</subfield>
    <subfield code="y">BK</subfield>
  </datafield>
</record>
